UBT Library

Thinking mathematically / (Record no. 44059)

000 -LEADER
fixed length control field 00780cam a2200265 a 4500
001 - CONTROL NUMBER
control field 15878820
005 - DATE AND TIME OF LATEST TRANSACTION
control field 20180302080953.0
008 - FIXED-LENGTH DATA ELEMENTS--GENERAL INFORMATION
fixed length control field 090824s2011 maua 001 0 eng
010 ## - LIBRARY OF CONGRESS CONTROL NUMBER
LC control number 2009034250
020 ## - INTERNATIONAL STANDARD BOOK NUMBER
International Standard Book Number 0321645855 (alk. paper)
020 ## - INTERNATIONAL STANDARD BOOK NUMBER
International Standard Book Number 9780321645852 (alk. paper)
020 ## - INTERNATIONAL STANDARD BOOK NUMBER
International Standard Book Number 0321646355 (alk. paper)
020 ## - INTERNATIONAL STANDARD BOOK NUMBER
International Standard Book Number 9780321646354 (alk. paper)
035 ## - SYSTEM CONTROL NUMBER
System control number (OCoLC)ocn433550143
040 ## - CATALOGING SOURCE
Original cataloging agency DLC
Transcribing agency DLC
Modifying agency YDX
-- YDXCP
-- DLC
041 ## - LANGUAGE CODE
Language code of text/sound track or separate title eng
080 ## - UNIVERSAL DECIMAL CLASSIFICATION NUMBER
Universal Decimal Classification number 510
082 00 - DEWEY DECIMAL CLASSIFICATION NUMBER
Classification number 510 BLI
Edition number 22
100 1# - Rafti
Rafti 36
101 ## - Shkurtesa
Shkurtesa MAT
245 10 - TITLE STATEMENT
Title Thinking mathematically /
Statement of responsibility, etc Robert Blitzer.
906 ## - LOCAL DATA ELEMENT F, LDF (RLIN)
a 7
b cbc
c orignew
d 1
e ecip
f 20
g y-gencatlg
942 ## - ADDED ENTRY ELEMENTS (KOHA)
Source of classification or shelving scheme
Item type Books
Holdings
Withdrawn status Lost status Source of classification or shelving scheme Damaged status Not for loan Collection code Permanent location Current location Shelving location Date acquired Total Checkouts Full call number Barcode Date last seen Price effective from Koha item type
          Koleksioni i përgjithshem UBT - Lipjan UBT - Lipjan Koleksioni i përgjithshem 03/02/2018   510 BLI 002-3000658 03/02/2018 03/02/2018 Books
          Koleksioni i përgjithshem UBT - Lipjan UBT - Lipjan Koleksioni i përgjithshem 03/02/2018   510 BLI 002-3000657 03/02/2018 03/02/2018 Books
          Koleksioni i përgjithshem UBT - Lipjan UBT - Lipjan Koleksioni i përgjithshem 03/02/2018   510 BLI 002-3000662 03/02/2018 03/02/2018 Books
          Koleksioni i përgjithshem UBT - Lipjan UBT - Lipjan Koleksioni i përgjithshem 03/02/2018   510 BLI 002-3000663 03/02/2018 03/02/2018 Books
          Koleksioni i përgjithshem UBT - Lipjan UBT - Lipjan Koleksioni i përgjithshem 03/02/2018   510 BLI 002-3000664 03/02/2018 03/02/2018 Books
          Koleksioni i përgjithshem UBT - Lipjan UBT - Lipjan Koleksioni i përgjithshem 03/02/2018   510 BLI 002-3000669 03/02/2018 03/02/2018 Books
          Koleksioni i përgjithshem UBT - Lipjan UBT - Lipjan   02/06/2023   510 BLI 003-219 02/06/2023 02/06/2023 Books
          Koleksioni i përgjithshem UBT - Lipjan UBT - Lipjan   02/06/2023   510 BLI 003-220 02/06/2023 02/06/2023 Books
UBT Library © 2015-2024. All rights reserved University Education for Business and Technology